00282 a2200121 450000100060000004000240000610000240003024000310005424500260008530000090011136200090012065000310012947510 cAnchieta - Aquarius aMatthews, Caitlín10aComo ser uma princesalpor10aComo ser uma princesa a28p.0 a2012 4aLiteratura infanto-juvenil